| 000 | 00430nam a2200145 i 4500 | ||
|---|---|---|---|
| 001 | 99322 | ||
| 003 | ES-MaACL | ||
| 007 | t| | ||
| 008 | 050906s1955 sp ||||1| spa d | ||
| 100 | 1 |
_aMartín Sánchez, Benjamín. _977643 |
|
| 245 | 1 | 0 |
_aSugerencias bíblicas / _cDr. D. Benjamín Martín Sánchez. |
| 260 |
_aMadrid : _bHijos de Gregorio del Amo, _c1955. |
||
| 300 |
_a639 p. ; _c14 cm. |
||
| 852 |
_aES-MaACL _jC-9368 _bR.37142 |
||
| 999 |
_c99322 _d99322 |
||